<?xml version="1.0" encoding="UTF-8"?>
<record
    xmlns:xsi="http://www.w3.org/2001/XMLSchema-instance"
    xsi:schemaLocation="http://www.loc.gov/MARC21/slim http://www.loc.gov/standards/marcxml/schema/MARC21slim.xsd"
    xmlns="http://www.loc.gov/MARC21/slim">

  <leader>00726nam a22001577a 4500</leader>
  <controlfield tag="003">OSt</controlfield>
  <controlfield tag="005">20160121104141.0</controlfield>
  <controlfield tag="008">160121b        xxu||||| |||| 00| 0 eng d</controlfield>
  <datafield tag="040" ind1=" " ind2=" ">
    <subfield code="c">RUA</subfield>
  </datafield>
  <datafield tag="082" ind1=" " ind2=" ">
    <subfield code="a">GRS EM 2006 B368 Or.1</subfield>
  </datafield>
  <datafield tag="100" ind1=" " ind2=" ">
    <subfield code="9">6712</subfield>
    <subfield code="a">EM, PHEA.</subfield>
  </datafield>
  <datafield tag="245" ind1=" " ind2=" ">
    <subfield code="a">The extensive culture of blood cockle in koh kchang village, sangkato chrov, khan prey nup, sihanouk ville (&#x1780;&#x17B6;&#x179A;&#x1785;&#x17B7;&#x1789;&#x17D2;&#x1785;&#x17B9;&#x1798;&#x1782;&#x17D2;&#x179A;&#x17C2;&#x1784;&#x1788;&#x17B6;&#x1798;&#x1794;&#x17C2;&#x1794;&#x179C;&#x17B7;&#x1794;&#x17BB;&#x179B;&#x179C;&#x1794;&#x17D2;&#x1794;&#x1780;&#x1798;&#x17D2;&#x1798;&#x1793;&#x17C5;&#x1797;&#x17BC;&#x1798;&#x17B7;&#x1780;&#x17C4;&#x17C7;&#x1781;&#x17D2;&#x1799;&#x1784;&#x179F;&#x1784;&#x17D2;&#x1780;&#x17B6;&#x178F;&#x17CB;&#x17A2;&#x17BC;&#x179A;&#x1787;&#x17D2;&#x179A;&#x17C5;&#x1781;&#x178E;&#x17D2;&#x178C;&#x1796;&#x17D2;&#x179A;&#x17C3;&#x1793;&#x1794;&#x17CB;&#x1780;&#x17D2;&#x179A;&#x17BB;&#x1784;&#x1796;&#x17D2;&#x179A;&#x17C7;&#x179F;&#x17B8;&#x17A0;&#x1793;&#x17BB;)</subfield>
  </datafield>
  <datafield tag="260" ind1=" " ind2=" ">
    <subfield code="a">Phnom Penh</subfield>
    <subfield code="b">RUA</subfield>
    <subfield code="c">2006</subfield>
  </datafield>
  <datafield tag="300" ind1=" " ind2=" ">
    <subfield code="a">vi, 19p.</subfield>
    <subfield code="b">ill.</subfield>
    <subfield code="c">29cm.</subfield>
  </datafield>
  <datafield tag="942" ind1=" " ind2=" ">
    <subfield code="2">ddc</subfield>
    <subfield code="c">GRS</subfield>
  </datafield>
  <datafield tag="999" ind1=" " ind2=" ">
    <subfield code="c">6285</subfield>
    <subfield code="d">6285</subfield>
  </datafield>
  <datafield tag="952" ind1=" " ind2=" ">
    <subfield code="0">0</subfield>
    <subfield code="1">0</subfield>
    <subfield code="2">ddc</subfield>
    <subfield code="4">0</subfield>
    <subfield code="6">GRS_EM_2006_000000000000000_B368_OR_1</subfield>
    <subfield code="7">0</subfield>
    <subfield code="9">35250</subfield>
    <subfield code="a">LBB</subfield>
    <subfield code="b">LBB</subfield>
    <subfield code="c">B368</subfield>
    <subfield code="d">2016-01-21</subfield>
    <subfield code="o">GRS EM 2006 B368 Or.1</subfield>
    <subfield code="p">RUA43832</subfield>
    <subfield code="r">2016-01-21</subfield>
    <subfield code="w">2016-01-21</subfield>
    <subfield code="y">GRS</subfield>
  </datafield>
  <datafield tag="952" ind1=" " ind2=" ">
    <subfield code="0">0</subfield>
    <subfield code="1">0</subfield>
    <subfield code="2">ddc</subfield>
    <subfield code="4">0</subfield>
    <subfield code="6">GRS_EM_2006_000000000000000_B368_OR_2</subfield>
    <subfield code="7">0</subfield>
    <subfield code="9">35251</subfield>
    <subfield code="a">LBB</subfield>
    <subfield code="b">LBB</subfield>
    <subfield code="c">B368</subfield>
    <subfield code="d">2016-01-21</subfield>
    <subfield code="o">GRS EM 2006 B368 Or.2</subfield>
    <subfield code="p">RUA43830</subfield>
    <subfield code="r">2016-01-21</subfield>
    <subfield code="w">2016-01-21</subfield>
    <subfield code="y">GRS</subfield>
  </datafield>
  <datafield tag="952" ind1=" " ind2=" ">
    <subfield code="0">0</subfield>
    <subfield code="1">0</subfield>
    <subfield code="2">ddc</subfield>
    <subfield code="4">0</subfield>
    <subfield code="6">GRS_EM_2006_000000000000000_B368_OR_3</subfield>
    <subfield code="7">0</subfield>
    <subfield code="9">35252</subfield>
    <subfield code="a">LBB</subfield>
    <subfield code="b">LBB</subfield>
    <subfield code="c">B368</subfield>
    <subfield code="d">2016-01-21</subfield>
    <subfield code="o">GRS EM 2006 B368 Or.3</subfield>
    <subfield code="p">RUA43727</subfield>
    <subfield code="r">2016-01-21</subfield>
    <subfield code="w">2016-01-21</subfield>
    <subfield code="y">GRS</subfield>
  </datafield>
  <datafield tag="952" ind1=" " ind2=" ">
    <subfield code="0">0</subfield>
    <subfield code="1">0</subfield>
    <subfield code="2">ddc</subfield>
    <subfield code="4">0</subfield>
    <subfield code="6">GRS_EM_2006_000000000000000_B368_OR_4</subfield>
    <subfield code="7">0</subfield>
    <subfield code="9">35253</subfield>
    <subfield code="a">LBB</subfield>
    <subfield code="b">LBB</subfield>
    <subfield code="c">B368</subfield>
    <subfield code="d">2016-01-21</subfield>
    <subfield code="o">GRS EM 2006 B368 Or.4</subfield>
    <subfield code="p">RUA43717</subfield>
    <subfield code="r">2016-01-21</subfield>
    <subfield code="w">2016-01-21</subfield>
    <subfield code="y">GRS</subfield>
  </datafield>
  <datafield tag="952" ind1=" " ind2=" ">
    <subfield code="0">0</subfield>
    <subfield code="1">0</subfield>
    <subfield code="2">ddc</subfield>
    <subfield code="4">0</subfield>
    <subfield code="6">GRS_EM_2006_000000000000000_B368_OR_5</subfield>
    <subfield code="7">0</subfield>
    <subfield code="9">35254</subfield>
    <subfield code="a">LBB</subfield>
    <subfield code="b">LBB</subfield>
    <subfield code="c">B368</subfield>
    <subfield code="d">2016-01-21</subfield>
    <subfield code="l">1</subfield>
    <subfield code="o">GRS EM 2006 B368 Or.5</subfield>
    <subfield code="p">RUA43905</subfield>
    <subfield code="r">2024-04-22</subfield>
    <subfield code="s">2024-04-03</subfield>
    <subfield code="w">2016-01-21</subfield>
    <subfield code="y">GRS</subfield>
  </datafield>
  <datafield tag="952" ind1=" " ind2=" ">
    <subfield code="0">0</subfield>
    <subfield code="1">0</subfield>
    <subfield code="2">ddc</subfield>
    <subfield code="4">0</subfield>
    <subfield code="6">GRS_EM_2006_000000000000000_B368_OR_6</subfield>
    <subfield code="7">0</subfield>
    <subfield code="9">35255</subfield>
    <subfield code="a">LBB</subfield>
    <subfield code="b">LBB</subfield>
    <subfield code="c">B368</subfield>
    <subfield code="d">2016-01-21</subfield>
    <subfield code="o">GRS EM 2006 B368 Or.6</subfield>
    <subfield code="p">RUA046902</subfield>
    <subfield code="r">2016-01-21</subfield>
    <subfield code="w">2016-01-21</subfield>
    <subfield code="y">GRS</subfield>
  </datafield>
  <datafield tag="952" ind1=" " ind2=" ">
    <subfield code="0">0</subfield>
    <subfield code="1">0</subfield>
    <subfield code="2">ddc</subfield>
    <subfield code="4">0</subfield>
    <subfield code="6">GRS_EM_2006_000000000000000_B368_OR_7</subfield>
    <subfield code="7">0</subfield>
    <subfield code="9">35256</subfield>
    <subfield code="a">LBB</subfield>
    <subfield code="b">LBB</subfield>
    <subfield code="c">B368</subfield>
    <subfield code="d">2016-01-21</subfield>
    <subfield code="l">1</subfield>
    <subfield code="o">GRS EM 2006 B368 Or.7</subfield>
    <subfield code="p">RUA046842</subfield>
    <subfield code="r">2016-07-12</subfield>
    <subfield code="s">2016-07-12</subfield>
    <subfield code="w">2016-01-21</subfield>
    <subfield code="y">GRS</subfield>
  </datafield>
</record>
